000 00359nam a2200169Ia 4500
003 0100
008 130303s9999 xx 000 0 und d
040 _cARRUPELIB
050 _aBT83.57.G991991
100 _aGutierrez, Gustavo
245 4 _aThe God of life
260 _aLondon
260 _bSCM Press
260 _C1991
300 _a214p
942 0 0 _01
999 _c20112
_d20112